000 00977naa a2200289 c 4500
001 26246
003 ES-MaCES
005 20150929140413.0
008 940104n1990 sp ||| | spa d
035 _aCES19980001797v
040 _aES-MaCES
_bspa
_cES-MaCES
100 1 _aGibert, Ernest
_913321
245 1 0 _aEvolución de los servicios en las grandes economías occidentales
_cErnest Gibert
650 4 _apaís desarrollado
_927091
650 4 _aproductividad
_928259
650 4 _acrecimiento de la producción
_928245
650 4 _aestructura del empleo
_928304
650 4 _amano de obra
_928295
653 1 0 _aServicios
650 4 _927071
_aevaluación económica
650 4 _929242
_acreación de empleos
650 4 _927947
_asector terciario
773 0 _tPapeles de economía española
_gMadrid. - N. 42 (1990) ; p. 20-39
_w(ES-MaCES)25203
902 _aART Artículo de revista
942 _2CES
_cAR
_h5.2.
999 _c26246
_d26246